000 00207nam a2200109Ia 4500
100 _a#N/A
942 _cBK
245 _aHEAT AND MASS TRANSER
260 _bCENTRAL PUBLICATION
300 _a860
999 _c27856
_d27856